000 00619cam a2200205 4500
001 J105371
008 000000n2000 000 0 eng u
035 _a(Sirsi) u105371
050 _a381.45000285
110 _aChesterton International plc
_91588
245 _aProphets of doom or profits in the boom : effects of e-commerce on UK property.
260 _aLondon
_bChesterton
_c2000
300 _a12p. ; 21cm.
650 _aPROPERTY-COMMERCIAL PROPERTY
650 _aINTERNET
650 _aRESIDENTIAL PROPERTY
_96266
650 _aRETAIL PROPERTY
690 _aINFORMATION TECHNOLOGY-INTERNET
942 _n0
999 _c100374
_d100374